[Event "Titled Tuesday intern op 04th Feb Early"]
[Site "Chess.com INT"]
[Date "2025.02.04"]
[Round "1"]
[White "Acosta, Pablo Alejandro"]
[Black "Abdurakhmanov, Mukhmmadali"]
[Result "0-1"]
[WhiteElo "2083"]
[BlackElo "2396"]
[PlyCount "118"]
[EventDate "2025.02.04"]
[EventType "swiss (blitz)"]
[EventRounds "11"]
[EventCountry "USA"]
[SourceTitle "CB07_2025"]
[SourceDate "2025.02.12"]
[SourceVersion "1"]
[SourceVersionDate "2025.02.12"]
[SourceQuality "1"]

1. e4 c5 2. Nf3 Nc6 3. Bb5 e6 4. 0-0 Nge7 5. c3 a6 6. Bxc6 bxc6 7. d4 cxd4 8. cxd4 d5 9. Nc3 Ng6 10. Bg5 Qb6 11. Re1 Bb4 12. exd5 Bxc3 13. bxc3 cxd5 14. h4 h6 15. Bd2 0-0 16. h5 Ne7 17. Ne5 Nf5 18. Qg4 Qc7 19. Qh3 Ra7 20. g4 Nd6 21. Kh1 Ne4 22. Rxe4 dxe4 23. g5 f6 24. gxf6 Rxf6 25. Rg1 Kh7 26. Qg3 Qd8 27. Nc6 Qc7 28. Nxa7 Qxa7 29. Bf4 Qf7 30. Be5 Qxh5+ 31. Qh2 Qxh2+ 32. Kxh2 Rxf2+ 33. Kh3 g5 34. Rb1 e3 35. Kg3 Rf7 36. Re1 Bb7 37. Rxe3 Bd5 38. c4 Bxc4 39. Rc3 Bd5 40. Ra3 h5 41. Rxa6 Rf3+ 42. Kh2 Rf2+ 43. Kg1 Rxa2 44. Rxa2 Bxa2 45. Kh2 Kg6 46. Kg3 Kf5 47. Kh2 h4 48. Kg2 Bd5+ 49. Kh2 Kg4 50. Kg1 Kf3 51. Bf6 Kf4 52. Kh2 Kf5 53. Be5 g4 54. Kg1 Ke4 55. Kh2 Kf3 56. Bf6 g3+ 57. Kg1 h3 58. Be5 h2+ 59. Kh1 Kf2# 0-1

[Event "Titled Tuesday intern op 04th Feb Early"]
[Site "Chess.com INT"]
[Date "2025.02.04"]
[Round "4"]
[White "Acosta, Pablo Alejandro"]
[Black "Fabris, Alberto"]
[Result "1/2-1/2"]
[WhiteElo "2083"]
[BlackElo "2230"]
[PlyCount "114"]
[EventDate "2025.02.04"]
[EventType "swiss (blitz)"]
[EventRounds "11"]
[EventCountry "USA"]
[SourceTitle "CB07_2025"]
[SourceDate "2025.02.12"]
[SourceVersion "1"]
[SourceVersionDate "2025.02.12"]
[SourceQuality "1"]

1. e4 c5 2. Nf3 Nc6 3. Bb5 g6 4. 0-0 Bg7 5. c3 Nf6 6. Re1 0-0 7. d4 cxd4 8. cxd4 d5 9. Bxc6 bxc6 10. e5 Ne4 11. Nc3 Nxc3 12. bxc3 Qa5 13. Bg5 Re8 14. h3 Be6 15. Bd2 Qa6 16. Ng5 Bf5 17. e6 f6 18. g4 fxg5 19. gxf5 Qd3 20. Bxg5 Qxf5 21. Qg4 Qxg4+ 22. hxg4 Bf6 23. Bf4 Rac8 24. g5 Bg7 25. Be5 c5 26. Rab1 cxd4 27. cxd4 Rc4 28. Rb7 Ra4 29. Reb1 Bxe5 30. dxe5 Ra6 31. Rd7 Rxe6 32. Rxd5 Ra6 33. Rb2 Kf7 34. Kg2 Ke6 35. Rdb5 Rd8 36. f4 Kf5 37. e6+ Kxf4 38. Rf2+ Ke4 39. Rb7 Re8 40. Rf7 Rxa2+ 41. Kg3 Ra5 42. Kg4 Ke5 43. Rxh7 Kxe6 44. Rg7 Ra4+ 45. Kf3 Kd6 46. Rxg6+ e6 47. Rgg7 Ra3+ 48. Ke4 Ra4+ 49. Ke3 a5 50. Rgd7+ Kc6 51. g6 Rg8 52. g7 Kc5 53. Rbc7+ Kb6 54. Rb7+ Kc6 55. Rbc7+ Kb6 56. Rb7+ Kc6 57. Rbc7+ Kb6 1/2-1/2

[Event "Titled Tuesday intern op 28th Jan Early"]
[Site "Chess.com INT"]
[Date "2025.01.28"]
[Round "1"]
[White "Kozak, Antoni"]
[Black "Acosta, Pablo Alejandro"]
[Result "1-0"]
[WhiteElo "2426"]
[BlackElo "2051"]
[PlyCount "29"]
[EventDate "2025.01.28"]
[EventType "swiss (blitz)"]
[EventRounds "11"]
[EventCountry "USA"]
[SourceTitle "CB06_2025"]
[SourceDate "2025.02.05"]
[SourceVersion "1"]
[SourceVersionDate "2025.02.05"]
[SourceQuality "1"]

1. e4 e6 2. d3 d5 3. Qe2 Be7 4. Nf3 Nf6 5. g3 0-0 6. Bg2 c5 7. 0-0 Nc6 8. e5 Nd7 9. c4 Nb6 10. Nc3 Qc7 11. Bf4 Bd7 12. cxd5 Nd4 13. Nxd4 cxd4 14. d6 Qc8 15. dxe7 1-0

[Event "Florianopolis op 11th"]
[Site "Florianopolis"]
[Date "2025.01.26"]
[Round "10"]
[White "Calcada, Lucas Galvan"]
[Black "Acosta, Pablo Alejandro"]
[Result "1/2-1/2"]
[WhiteElo "1898"]
[BlackElo "2051"]
[PlyCount "195"]
[EventDate "2025.01.18"]
[EventType "swiss"]
[EventRounds "10"]
[EventCountry "BRA"]
[SourceTitle "CB05_2025"]
[SourceDate "2025.01.29"]
[SourceVersion "1"]
[SourceVersionDate "2025.01.29"]
[SourceQuality "1"]

1. Nf3 d5 2. b3 e6 3. Bb2 Nf6 4. e3 Be7 5. c4 0-0 6. Nc3 b6 7. Rg1 c5 8. g4 Bb7 9. g5 Ne4 10. Nxe4 dxe4 11. Ne5 f6 12. gxf6 Bxf6 13. Qg4 Qe7 14. Bh3 Re8 15. Bc3 Nc6 16. Nxc6 Bxc6 17. Bxf6 Qxf6 18. Rd1 Re7 19. Qg5 Rf8 20. Qxf6 Rxf6 21. Ke2 Ref7 22. Rdf1 Rh6 23. Rg3 Kf8 24. Bg4 Rxh2 25. Bxe6 Rf6 26. Rh3 Rxh3 27. Bxh3 g5 28. Bg4 Be8 29. d4 exd3+ 30. Kxd3 h5 31. Bc8 Bg6+ 32. Ke2 Rd6 33. Rg1 Bd3+ 34. Kf3 Rf6+ 35. Kg3 Be4 36. f4 gxf4+ 37. Kf2 f3 38. Rg5 Rd6 39. Rxh5 Rd2+ 40. Kg3 Rg2+ 41. Kf4 f2 42. Kxe4 f1Q 43. Rf5+ Qxf5+ 44. Bxf5 Rxa2 45. Bd7 Rd2 46. Ba4 Ke7 47. Ke5 a6 48. e4 Rd3 49. Kf5 b5 50. cxb5 axb5 51. Bxb5 Rxb3 52. Bc4 Rb4 53. Bd5 c4 54. Kf4 c3 55. Ke3 Rd4 56. Bb3 Rd2 57. e5 Kd7 58. Bc4 Kc6 59. Bb3 Rb2 60. Ba4+ Kc5 61. e6 Rb7 62. Bd7 Kb4 63. e7 c2 64. e8Q c1Q+ 65. Ke4 Qc4+ 66. Ke3 Qc1+ 67. Ke2 Qc4+ 68. Ke3 Qc5+ 69. Ke2 Kc3 70. Qh8+ Qd4 71. Qc8+ Qc4+ 72. Qxc4+ Kxc4 73. Bc6 Rb3 74. Kd2 Kd4 75. Ke2 Rb6 76. Ba8 Re6+ 77. Kf3 Re3+ 78. Kf2 Kd3 79. Bb7 Re6 80. Kg3 Ke3 81. Kg4 Rf6 82. Kg5 Rf8 83. Kg4 Rb8 84. Bc6 Rb4+ 85. Kg5 Rb8 86. Kg4 Rg8+ 87. Kf5 Kd4 88. Bb7 Rg7 89. Ba8 Rf7+ 90. Kg4 Ke5 91. Kg3 Kf5 92. Kf3 Rc7 93. Be4+ Ke5 94. Ba8 Ra7 95. Bc6 Rc7 96. Ba8 Rf7+ 97. Kg3 Kd4 98. Kg4 1/2-1/2

[Event "Florianopolis op 11th"]
[Site "Florianopolis"]
[Date "2025.01.20"]
[Round "3"]
[White "Acosta, Pablo Alejandro"]
[Black "Vaz, Osvaldo Jose"]
[Result "1-0"]
[WhiteElo "2051"]
[BlackElo "1765"]
[PlyCount "95"]
[EventDate "2025.01.18"]
[EventType "swiss"]
[EventRounds "10"]
[EventCountry "BRA"]
[SourceTitle "CB05_2025"]
[SourceDate "2025.01.29"]
[SourceVersion "1"]
[SourceVersionDate "2025.01.29"]
[SourceQuality "1"]

1. e4 e6 2. d4 d5 3. Nc3 Nf6 4. Bg5 Be7 5. e5 Nfd7 6. Bxe7 Qxe7 7. f4 a6 8. Nf3 c5 9. dxc5 Nxc5 10. Bd3 Bd7 11. 0-0 Nxd3 12. cxd3 Nc6 13. Qd2 b5 14. a3 0-0 15. Ne2 f6 16. exf6 Rxf6 17. d4 Raf8 18. Rac1 R6f7 19. Rc5 Qd6 20. Rfc1 Rc8 21. b4 Be8 22. Qe3 h6 23. g4 Rfc7 24. Ng3 Bg6 25. Re1 Bf7 26. g5 h5 27. f5 exf5 28. Nxf5 Qd7 29. N3h4 Re8 30. Qf2 Kh7 31. Rf1 Qe6 32. Rcc1 Qe4 33. Rc3 Re6 34. Re3 Qg4+ 35. Rg3 Qe4 36. h3 Qe2 37. Qxe2 Rxe2 38. g6+ Bxg6 39. Nxg6 Re4 40. Rc1 Rf7 41. Nd6 Nxd4 42. Nxf7 Ne2+ 43. Kf2 Nxg3 44. Nf8+ Kg8 45. Ng5 Re5 46. Rc8 Ne4+ 47. Nxe4 Rxe4 48. Ne6+ 1-0

[Event "Florianopolis op 11th"]
[Site "Florianopolis"]
[Date "2025.01.18"]
[Round "1"]
[White "Acosta, Pablo Alejandro"]
[Black "Figueiredo, Oneide De Souza"]
[Result "1-0"]
[WhiteElo "2051"]
[BlackElo "1568"]
[PlyCount "51"]
[EventDate "2025.01.18"]
[EventType "swiss"]
[EventRounds "10"]
[EventCountry "BRA"]
[SourceTitle "CB05_2025"]
[SourceDate "2025.01.29"]
[SourceVersion "1"]
[SourceVersionDate "2025.01.29"]
[SourceQuality "1"]

1. e4 c5 2. Nf3 e6 3. c3 Nc6 4. d4 cxd4 5. cxd4 d5 6. e5 f6 7. Bd3 g6 8. Nc3 a6 9. h4 f5 10. h5 Nge7 11. hxg6 Nxg6 12. g4 Qe7 13. gxf5 exf5 14. Nxd5 Qf7 15. Nf6+ Kd8 16. Ng5 Qc7 17. Bc4 Bg7 18. Nf7+ Qxf7 19. Bxf7 Nf8 20. Qb3 Nd7 21. Nxd7 Nxd4 22. Nb6 Ke7 23. Qd5 Bd7 24. Qd6+ Kxf7 25. Qxd7+ Kg8 26. Rg1 1-0

[Event "Titled Tuesday intern op 14th Jan Early"]
[Site "Chess.com INT"]
[Date "2025.01.14"]
[Round "6"]
[White "Ishvi, Aggarwal"]
[Black "Acosta, Pablo Alejandro"]
[Result "0-1"]
[WhiteElo "2003"]
[BlackElo "2051"]
[PlyCount "92"]
[EventDate "2025.01.14"]
[EventType "swiss (blitz)"]
[EventRounds "11"]
[EventCountry "USA"]
[SourceTitle "CB04_2025"]
[SourceDate "2025.01.22"]
[SourceVersion "1"]
[SourceVersionDate "2025.01.22"]
[SourceQuality "1"]

1. d4 e6 2. c4 d5 3. cxd5 exd5 4. Nc3 c6 5. Qc2 Nf6 6. Bg5 Be7 7. e3 0-0 8. Bd3 Nbd7 9. Nf3 Re8 10. 0-0 Nf8 11. a3 Ng6 12. b4 Bd6 13. b5 h6 14. Bxh6 gxh6 15. Bxg6 fxg6 16. Qxg6+ Kh8 17. Qxh6+ Nh7 18. bxc6 bxc6 19. Ne2 Qf6 20. Qxf6+ Nxf6 21. Rfc1 Bd7 22. h3 Rab8 23. Ra2 Rb3 24. a4 Ne4 25. a5 Reb8 26. g4 Rb1 27. Rxb1 Rxb1+ 28. Kg2 a6 29. Ng3 Nc3 30. Rc2 Bb4 31. Nf5 Bxf5 32. gxf5 Bxa5 33. Ne5 Rb6 34. Ra2 Bb4 35. f6 Nxa2 36. f7 Kg7 37. f4 Bd6 38. Nd7 Rb2+ 39. Kf3 Kxf7 40. Ne5+ Bxe5 41. dxe5 c5 42. f5 c4 43. Kf4 c3 44. Kg5 Rg2+ 45. Kf4 c2 46. e6+ Kf6 0-1

[Event "Titled Tuesday intern op 07th Jan Early"]
[Site "Chess.com INT"]
[Date "2025.01.07"]
[Round "2"]
[White "Acosta, Pablo Alejandro"]
[Black "Cherniaiev, Tykhon"]
[Result "1/2-1/2"]
[WhiteElo "2051"]
[BlackElo "2306"]
[PlyCount "134"]
[EventDate "2025.01.07"]
[EventType "swiss (blitz)"]
[EventRounds "11"]
[EventCountry "USA"]
[SourceTitle "CB03_2025"]
[SourceDate "2025.01.15"]
[SourceVersion "1"]
[SourceVersionDate "2025.01.15"]
[SourceQuality "1"]

1. e4 e5 2. Nf3 Nc6 3. d4 exd4 4. Nxd4 Nf6 5. Nxc6 bxc6 6. Bd3 d5 7. exd5 cxd5 8. 0-0 Be7 9. c4 0-0 10. cxd5 Qxd5 11. Nc3 Qa5 12. Qf3 Be6 13. Bf4 Rad8 14. h3 Bd6 15. Rfd1 Qb4 16. Bxd6 Rxd6 17. Ne4 Nxe4 18. Qxe4 Qxe4 19. Bxe4 Rfd8 20. Rdc1 R8d7 21. Bc6 Re7 22. Ba4 g6 23. Bb3 Bf5 24. Re1 Rxe1+ 25. Rxe1 Kf8 26. Rc1 c6 27. Rc5 Bc8 28. f3 a6 29. Kf2 Rd2+ 30. Kg3 Bb7 31. Rc2 Rd6 32. Kf2 h5 33. Ke3 Ke7 34. Rd2 Rf6 35. Bc4 Rf5 36. b4 a5 37. a3 axb4 38. axb4 g5 39. Ra2 Rf4 40. Kd3 Kd6 41. Ra7 Kc7 42. Ba6 Rxb4 43. Bxb7 Rxb7 44. Ra5 Rb5 45. Ra7+ Rb7 46. Ra5 f6 47. Rf5 Rb2 48. g4 h4 49. Rxf6 Rh2 50. Rg6 Rxh3 51. Ke4 Rh1 52. Rxg5 Re1+ 53. Kf5 c5 54. Rh5 c4 55. Rxh4 Kc6 56. Rh2 c3 57. g5 Kc5 58. g6 Kd4 59. Kf6 Kd3 60. g7 Rg1 61. Kf7 Ke3 62. Rc2 Kd3 63. Rxc3+ Kxc3 64. g8Q Rxg8 65. Kxg8 Kd4 66. Kf7 Ke3 67. f4 Kxf4 1/2-1/2

[Event "Manaus op"]
[Site "Manaus"]
[Date "2024.10.15"]
[Round "7"]
[White "Acosta, Pablo Alejandro"]
[Black "De Siqueira, Luigy Lira"]
[Result "1/2-1/2"]
[WhiteElo "2032"]
[BlackElo "2155"]
[PlyCount "127"]
[EventDate "2024.10.11"]
[EventType "swiss"]
[EventRounds "9"]
[EventCountry "BRA"]
[SourceTitle "CB43_2024"]
[Source "Chessbase"]
[SourceDate "2024.10.23"]
[SourceVersion "1"]
[SourceVersionDate "2024.10.23"]
[SourceQuality "1"]

1. e4 e5 2. Nf3 Nc6 3. Bc4 Bc5 4. c3 Nf6 5. b4 Bb6 6. d3 d6 7. a4 a5 8. b5 Ne7 9. 0-0 0-0 10. Nbd2 Ng6 11. Bb3 c6 12. Nc4 Bc7 13. Re1 h6 14. Ne3 d5 15. Qc2 Ng4 16. exd5 Nxe3 17. Bxe3 cxd5 18. Bc5 Re8 19. Nd2 b6 20. Be3 Bb7 21. d4 Qh4 22. Nf1 Rad8 23. Ng3 Bc8 24. Rad1 Bg4 25. f3 Bc8 26. Bf2 Bb7 27. Nf5 Qf6 28. Bg3 Nf4 29. dxe5 Bxe5 30. Bxf4 Bxf4 31. Rxe8+ Rxe8 32. Bxd5 Bxd5 33. Rxd5 g6 34. g3 gxf5 35. gxf4 Re1+ 36. Kf2 Qh4+ 37. Kg2 Re6 38. Qd2 Qh5 39. Qf2 Kh7 40. h3 Qg6+ 41. Kh2 Qf6 42. Qc2 Kg6 43. Qd3 h5 44. Kg3 h4+ 45. Kf2 Re8 46. Qd4 Qe7 47. Qxb6+ f6 48. Re5 Qd7 49. Rxe8 Qxe8 50. Qd4 Qe6 51. c4 Qe7 52. c5 Qe6 53. Qe3 Qa2+ 54. Qe2 Qxa4 55. c6 Qxf4 56. Qe8+ Kg7 57. Qd7+ Kg6 58. c7 Qh2+ 59. Ke1 Qe5+ 60. Kd1 Qa1+ 61. Kc2 Qa4+ 62. Kc3 Qb4+ 63. Kc2 Qe7 64. Qc6 1/2-1/2

[Event "Manaus op"]
[Site "Manaus"]
[Date "2024.10.12"]
[Round "3"]
[White "Acosta, Pablo Alejandro"]
[Black "De Souza Andrade, Artur Diego"]
[Result "1/2-1/2"]
[WhiteElo "2032"]
[BlackElo "1836"]
[PlyCount "92"]
[EventDate "2024.10.11"]
[EventType "swiss"]
[EventRounds "9"]
[EventCountry "BRA"]
[SourceTitle "CB43_2024"]
[Source "Chessbase"]
[SourceDate "2024.10.23"]
[SourceVersion "1"]
[SourceVersionDate "2024.10.23"]
[SourceQuality "1"]

1. e4 e6 2. d4 d5 3. e5 c5 4. c3 Nc6 5. Nf3 Nge7 6. Be2 Nf5 7. h4 h5 8. Bd3 Qb6 9. Bxf5 exf5 10. 0-0 Be6 11. dxc5 Bxc5 12. b4 Be7 13. a4 a6 14. Be3 Qc7 15. Bf4 Rd8 16. b5 Na5 17. g3 Bc5 18. Nd4 g6 19. Nd2 0-0 20. N2f3 Rc8 21. Rc1 Ba3 22. Rc2 Qc4 23. bxa6 bxa6 24. Bg5 Nc6 25. Bf6 Nxd4 26. Nxd4 Bc5 27. Qd2 Kh7 28. Nf3 Qg4 29. Ng5+ Kg8 30. Kg2 f4 31. Qxf4 Qxf4 32. gxf4 Bd7 33. Ra2 Rb8 34. Nf3 Rb3 35. Rc1 Rc8 36. Rd2 Bxa4 37. Rxd5 Bc6 38. c4 Bxd5 39. cxd5 Kf8 40. Nd4 Rb2 41. d6 Ke8 42. e6 fxe6 43. Nxe6 Rxf2+ 44. Kg3 Rxf4 45. Nxf4 Bf2+ 46. Kxf2 Rxc1 1/2-1/2

[Event "Florianopolis Winter op 8th"]
[Site "Florianopolis"]
[Date "2024.07.12"]
[Round "5"]
[White "Hessmann, Eduardo Franzoni"]
[Black "Acosta, Pablo Alejandro"]
[Result "0-1"]
[WhiteElo "1868"]
[BlackElo "2026"]
[PlyCount "77"]
[EventDate "2024.07.09"]
[EventType "swiss"]
[EventRounds "9"]
[EventCountry "BRA"]
[SourceTitle "CBM 221 Extra"]
[Source "ChessBase"]
[SourceDate "2024.09.30"]
[SourceVersion "1"]
[SourceVersionDate "2024.09.30"]
[SourceQuality "1"]

1. e4 e5 2. Nf3 Nc6 3. Bc4 Bc5 4. Nc3 Nf6 5. d3 h6 6. 0-0 d6 7. Na4 Bb6 8. a3 0-0 9. h3 Ne7 10. Re1 Ng6 11. Nxb6 axb6 12. d4 Qe7 13. b3 Be6 14. Bxe6 Qxe6 15. Bb2 Rfe8 16. Qd2 Nd7 17. dxe5 Ngxe5 18. Nd4 Qf6 19. Re3 Qg5 20. Rf1 Ng6 21. Qc3 Nf4 22. Rg3 Qf6 23. Re1 Nc5 24. Qf3 d5 25. Nf5 Qxb2 26. Rxg7+ Qxg7 27. Nxg7 Nxh3+ 28. Qxh3 Kxg7 29. e5 Rxa3 30. Qg4+ Kf8 31. Qh4 Re6 32. Qd8+ Kg7 33. Qxd5 Rg6 34. f4 Ne6 35. Rf1 Rg4 36. Qf3 h5 37. Qe4 Ra2 38. Qf5 Rg6 39. Qd3 0-1

[Event "Florianopolis Winter op 8th"]
[Site "Florianopolis"]
[Date "2024.07.10"]
[Round "3"]
[White "Acosta, Pablo Alejandro"]
[Black "Dias, Joao Batista de Sou"]
[Result "1-0"]
[WhiteElo "2026"]
[BlackElo "1841"]
[PlyCount "112"]
[EventDate "2024.07.09"]
[EventType "swiss"]
[EventRounds "9"]
[EventCountry "BRA"]
[SourceTitle "CBM 221 Extra"]
[Source "ChessBase"]
[SourceDate "2024.09.30"]
[SourceVersion "1"]
[SourceVersionDate "2024.09.30"]
[SourceQuality "1"]

1. Nf3 d5 2. b3 Nf6 3. Bb2 Bf5 4. c4 e6 5. e3 Be7 6. Be2 Nbd7 7. Nc3 c6 8. Nh4 Bg6 9. cxd5 cxd5 10. Rc1 Rc8 11. 0-0 a6 12. Nxg6 hxg6 13. Bf3 Ne5 14. d4 Nxf3+ 15. Qxf3 g5 16. Qe2 Bd6 17. g3 Qd7 18. e4 Rxc3 19. Bxc3 Nxe4 20. f3 Nf6 21. Bd2 g4 22. fxg4 Ne4 23. Bf4 0-0 24. Rc2 Qe7 25. Qe3 g5 26. Bxd6 Qxd6 27. Rfc1 Qa3 28. h4 Kg7 29. Rf1 Qd6 30. hxg5 Rh8 31. Qf4 Rf8 32. Rc7 Qxf4 33. gxf4 Nd6 34. Kg2 Nb5 35. Rxb7 Nxd4 36. Rd1 Ne2 37. Kf3 Nc3 38. Rc1 d4 39. Rd7 Nd5 40. f5 Kg8 41. f6 Kh7 42. Rc5 Kg6 43. Rcxd5 exd5 44. Rxd5 Rc8 45. Kf4 Rc2 46. Re5 d3 47. Ke3 Rg2 48. Kxd3 Rxg4 49. a4 Rb4 50. Kc3 Rb6 51. Rc5 Re6 52. b4 Re3+ 53. Kd4 Rg3 54. a5 Rg4+ 55. Kc3 Rg3+ 56. Kc4 Rg4+ 1-0